000 00556nam a2200229Ia 4500
003 OSt
005 20220926042147.0
006 a|||||r|||| 00| 0
007 ta
008 220923b |||||||| |||| 00| 0 eng d
037 _cGeneral Book
040 _aRTL
_cRTL
_beng
041 _2eng
_aeng
082 _aXM5:(Z3):g, J5
100 _aFarrar Harry
_9345908
245 0 _aCompany Law
250 _a4
260 _c1955
650 _aCompany Law
942 _hXM5:(Z3):g, J5
_cGB
_2CC
999 _c669042
_d669042